soils and soil fertility / (Record no. 5442)
[ view plain ]
| 000 -LEADER | |
|---|---|
| fixed length control field | 01017cam a2200193ua 4500 |
| 003 - CONTROL NUMBER IDENTIFIER | |
| control field | OSt |
| 008 - FIXED-LENGTH DATA ELEMENTS--GENERAL INFORMATION | |
| fixed length control field | 220328b ||||| |||| 00| 0 eng d |
| 020 ## - INTERNATIONAL STANDARD BOOK NUMBER | |
| ISBN | 10: 8126517875 |
| 041 ## - LANGUAGE CODE | |
| Language code of text/sound track or separate title | eng |
| 082 ## - DEWEY DECIMAL CLASSIFICATION NUMBER | |
| Classification number | 631.4 |
| Item number | THO/SO |
| 100 ## - MAIN ENTRY--AUTHOR NAME | |
| Personal name | Thompson, Louis M . |
| 245 ## - TITLE STATEMENT | |
| Title | soils and soil fertility / |
| 250 ## - EDITION STATEMENT | |
| Edition statement | 4 / |
| 260 ## - PUBLICATION, DISTRIBUTION, ETC. (IMPRINT) | |
| Place of publication | New Delhi : |
| Name of publisher | Tata Mc-Graw Hill Publishing Company , |
| Year of publication | 1978. |
| 300 ## - PHYSICAL DESCRIPTION | |
| Number of Pages | 501 ; . |
| 505 ## - FORMATTED CONTENTS NOTE | |
| Formatted contents note | 1 Soil.<br/><br/>2 Soil Formation.<br/><br/>3 Physical Properties of Soils.<br/><br/>4 Soil Mechanics.<br/><br/>5 Soil Water.<br/><br/>6 Soil Organic Matter.<br/><br/>7 Soil Mineralogy.<br/><br/>8 Soil Chemistry.<br/><br/>9 Amending the Soil.<br/><br/>10 Fertilizers.<br/><br/>11 Nitrogen.<br/><br/>12 Phosphorus.<br/><br/>13 Potassium.<br/><br/>14 Calcium, Magnesium, and Sulfur.<br/><br/>15. The Micronutrients.<br/><br/>16. Variations in Plant Composition.<br/><br/>17 Soil Classification and Survey.<br/><br/>18 Land Use and Soil Management.<br/><br/>19 Water Management.<br/><br/>20 Soil Erosion and Its Control.<br/><br/>21 Soil Pollution. |
| 700 1# - ADDED ENTRY--PERSONAL NAME | |
| Personal name | Troeh, Frederick R . |
| 942 ## - ADDED ENTRY ELEMENTS (KOHA) | |
| Koha item type | Books |
| Withdrawn status | Lost status | Damaged status | Home library | Current library | Date acquired | Full call number | Accession Number | Koha item type |
|---|---|---|---|---|---|---|---|---|
| KAUAET | KAUAET | 07/04/2012 | 631.4 THO/SO | 14718 | Books | |||
| KAUAET | KAUAET | 07/04/2012 | 631.4 THO/SO | 15912 | Books | |||
| KAUAET | KAUAET | 07/04/2012 | 631.4 THO/SO | 22036 | Books |
